<?xml version="1.0" encoding="UTF-8"?>
<collection xmlns="http://www.loc.gov/MARC21/slim">
 <record>
  <leader>00677cam a2200193 7i4500</leader>
  <controlfield tag="001">0000059807</controlfield>
  <controlfield tag="005">20080624090000.0</controlfield>
  <controlfield tag="008">071029s2007    gw a                eng   </controlfield>
  <datafield tag="020" ind1="#" ind2="0">
   <subfield code="a">9783527312993 </subfield>
  </datafield>
  <datafield tag="090" ind1="0" ind2="0">
   <subfield code="a">TA 418.9 .C6 </subfield>
   <subfield code="b">H9 2007</subfield>
  </datafield>
  <datafield tag="245" ind1="0" ind2="0">
   <subfield code="a">Hybrid materials : </subfield>
   <subfield code="b">synthesis, characterization, and applications  </subfield>
   <subfield code="c">edited by Guido Kickelbick.</subfield>
  </datafield>
  <datafield tag="260" ind1="#" ind2="#">
   <subfield code="a">Weinheim: </subfield>
   <subfield code="b">Wiley-VCH, </subfield>
   <subfield code="c">2007.</subfield>
  </datafield>
  <datafield tag="300" ind1="#" ind2="#">
   <subfield code="a">xvii, 498 p.: </subfield>
   <subfield code="b">ill.; </subfield>
   <subfield code="c">25 cm..</subfield>
  </datafield>
  <datafield tag="504" ind1="0" ind2="0">
   <subfield code="a">Includes bibliographical references and index.</subfield>
  </datafield>
  <datafield tag="650" ind1="0" ind2="0">
   <subfield code="a">Macromolecules </subfield>
  </datafield>
  <datafield tag="650" ind1="0" ind2="0">
   <subfield code="a">Chemical structure </subfield>
  </datafield>
  <datafield tag="650" ind1="0" ind2="0">
   <subfield code="a">Polymeric composites </subfield>
  </datafield>
  <datafield tag="700" ind1="1" ind2="1">
   <subfield code="a">Kickelbick, Guido </subfield>
  </datafield>
  <datafield tag="999" ind1=" " ind2=" ">
   <subfield code="a">1100053827</subfield>
   <subfield code="b">Book</subfield>
   <subfield code="c">Open Shelf</subfield>
   <subfield code="e">KOLEKSI TERBUKA</subfield>
  </datafield>
 </record>
</collection>
